| 000 | 00905nas a2200289 4500 | ||
|---|---|---|---|
| 001 | BR2013000978 | ||
| 003 | BR-BrBNA | ||
| 005 | 20231205121907.0 | ||
| 007 | ta | ||
| 008 | 230509b bl.|||p| |||| 00| 00por d | ||
| 040 |
_aBR-BrBNA _bpor _cBiblioteca Nacional de Agricultura |
||
| 041 | _a(Pt) | ||
| 072 | _aQ04; Q02; U10 | ||
| 100 | 1 | _aCoutinho, M.R. | |
| 100 | 1 | _aOmoto, E.S. | |
| 100 | 1 | _aAndrade, C.M.G. | |
| 100 | 1 | _aJorge, L.M. de M. | |
| 245 | 1 | _aModelagem e validação da hidratação de grãos de soja | |
| 650 | _aPROCESSAMENTO | ||
| 650 | _aTEMPERATURA | ||
| 650 | _aTEOR DE UMIDADE | ||
| 650 | _aMODELO DE SIMULAÇÃO | ||
| 773 | 0 |
_tCiência e Tecnologia de Alimentos (Brazil) _xISSN 1678-457X _g(Jul-Sep 2005), V. 25(3) p. 603-610 _wBR2013000978 |
|
| 856 | 4 | 0 | _uhttp://www.scielo.br/pdf/cta/v25n3/27034.pdf |
| 909 |
_a202311 _bLúcia _c55 _dLúcia Elande |
||
| 942 |
_2AGRIS _n0 _cANA |
||
| 999 |
_c225801 _d225801 |
||